• 首页
  • 本馆介绍
  • 公告通知
  • 最新文献
  • 馆藏检索
  • 电子资源
  • 读者导购
  • 参考咨询
  • 我的图书馆
  • 登录
  • 详细信息显示
  • 放入我的书架
  • 预约/预借图书
  • 作者相关作品
  • 分类相关作品
  • 丛书相关作品
  • 出版社相关作品

书目信息

  • 表格格式
  • 工作单格式
  • 卡片格式
题名:
药物化学基础
    
 
作者: 胡兴娥 , 钟辉云 主编
分册:  
出版信息: 北京   科学出版社  2015.12
页数: 234页
开本: 26cm
丛书名:
单 册:
中图分类: R914
科图分类:
主题词: 药物化学--中等专业教育--教材
电子资源:
ISBN: 978-7-03-046347-0
000 00980nam0 2200253 450
001 196
005 20180925103922.51
010    @a978-7-03-046347-0@dCNY45.00
100    @a20160217d2015 em y0chiy50 ea
101 0  @achi
102    @aCN@b110000
105    @ay z 000yy
200 1  @a药物化学基础@9yao wu hua xue ji chu@b专著@f胡兴娥,钟辉云主编
205    @a2版
210    @a北京@c科学出版社@d2015.12
215    @a234页@d26cm
300    @a中等卫生职业教育规划教材 供药剂、制药技术、药品食品检验、中药制药及相关专业使用
330    @a本书共15章。第1章为绪论,第2-13章为各论,第14-15章为通论。重点介绍临床应用的基本药物的基本结构或结构特点、理化性质、作用或临床主要用途,探讨结构与药物性质或稳定性、药物调剂或制剂、储存保管等的联系,为正确使用药物提供理论依据。
606 0  @a药物化学@x中等专业教育@j教材
690    @aR914@v5
701  0 @a胡兴娥@9hu xing e@4主编
701  0 @a钟辉云@9zhong hui yun@4主编
801  0 @aCN@b91MARC@c20160613
905    @aMuseLib@dR914@e140=2
    
    药物化学基础/胡兴娥,钟辉云主编.-2版.-北京:科学出版社,2015.12
    234页;26cm
    中等卫生职业教育规划教材 供药剂、制药技术、药品食品检验、中药制药及相关专业使用
    
    ISBN 978-7-03-046347-0:CNY45.00
    本书共15章。第1章为绪论,第2-13章为各论,第14-15章为通论。重点介绍临床应用的基本药物的基本结构或结构特点、理化性质、作用或临床主要用途,探讨结构与药物性质或稳定性、药物调剂或制剂、储存保管等的联系,为正确使用药物提供理论依据。
●
相关链接 在E读中查询图书 在五车中查询图书 在当当中查询图书 在豆瓣中查询图书


正题名:药物化学基础     索取号:R914/140=2         预约/预借

序号 登录号 条形码 馆藏地/架位号 状态 备注
1 1118714   211187142   第二样本阅览室/ [索取号:R914/140=2] 在馆    
2 1118715   211187151   第三借阅区/ [索取号:R914/140=2] 在馆    
3 1118716   211187160   第三借阅区/ [索取号:R914/140=2] 在馆    
4 1118717   211187179   第三借阅区/ [索取号:R914/140=2] 在馆    
5 1118718   211187188   第三借阅区/ [索取号:R914/140=2] 在馆    
唐山师范学院图书馆 欢迎您!
大连网信软件有限公司© 版权所有